000
00195 a2200097 4500
001
8549
100
_a
Baily,S.D
245
_a
The united Nations
260
_a
_b
McMillan
_c
090
_c
6877
_d
6877
942
_a
NUST-CAE
_c
M
_c
33463
999
_c
243622
_d
243622